Statistieken voor Mozambique Trivia Quiz

Klik hier om de quiz te nemen!

Algemene statistieken

  • Deze quiz is 59 keer genomen
  • De gemiddelde score is 12 van 16

Antwoordstatistieken

HintAntwoord% Correct
Landen die aan Mozambique grenzenTanzania
100%
Landen die aan Mozambique grenzenZimbabwe
100%
Landen die aan Mozambique grenzenZuid-Afrika
100%
Groot eiland dat ongeveer 200 km oostelijk van Mozambique ligtMadagaskar
97%
Landen die aan Mozambique grenzenZambia
95%
Landen die aan Mozambique grenzenMalawi
90%
Hoofdstad van MozambiqueMaputo
87%
Landen die aan Mozambique grenzenEswatini
87%
Geweer dat zichtbaar is op de nationale vlagAK-47
79%
Ontdekkingsreiziger die in 1498 Mozambique bezocht op weg naar IndiaVasco da Gama
74%
Officiële taalPortugees
72%
Langste rivieren die door Mozambique vloeienZambezi
64%
Belangrijkste export; een metaalAluminium
54%
Voetballer uit Mozambique die bekent staat als de "Zwarte Panter"Eusébio
46%
Langste rivieren die door Mozambique vloeienLimpopo
36%
Belangrijkste gewasCassave
26%

Scoreverdeling

Percentiel versus Aantal Correcte Antwoorden

Procent van Mensen met Elke Score

Uw Scoregeschiedenis

U heeft deze quiz nog niet genomen